Τοπική Αυτοδιοίκηση, Εκπαίδευση και Δια Βίου Μάθηση: Η Παιδεία και ο Πολιτισμός ως Πυλώνες Περιφερειακής Ανάπτυξης / 2ο Πανελλήνιο Επιστημονικό Συνέδριο με Διεθνή Συμμετοχή: Περιλήψεις Πρακτικών Συνεδρίου με Διεθνή Συμμετοχή (Record no. 3179)
[ view plain ]
| 000 -LEADER | |
|---|---|
| fixed length control field | 03152cam a22002774a 4500 |
| 005 - ΗΜΕΡΟΜΗΝΙΑ ΚΑΙ ΩΡΑ ΤΕΛΕΥΤΑΙΑΣ ΕΝΗΜΕΡΩΣΗΣ | |
| Πεδίο ελέγχου | 20250605164107.0 |
| 008 - FIXED-LENGTH DATA ELEMENTS--GENERAL INFORMATION | |
| Πεδίο ελέγχου σταθερού μήκους | 250528s ||||||||||||||||||||||||d |
| 035 ## - SYSTEM CONTROL NUMBER | |
| System control number | 17779 |
| 020 ## - ISBN | |
| ISBN | 9786188189614 |
| 040 ## - ΠΗΓΗ ΚΑΤΑΛΟΓΟΓΡΑΦΗΣΗΣ | |
| Φορέας πρωτότυπης καταλογογράφησης | MC Athens Campus Library |
| Γλώσσα καταλογογράφησης | Ελληνικά, Μοντέρνα (1453-) |
| Modifying agency | MC Athens Campus Library |
| Κανόνες περιγραφικής καταλογογράφησης | AACR2 |
| 245 1# - ΤΙΤΛΟΣ ΚΑΙ ΔΗΛΩΣΗ ΥΠΕΥΘΥΝΟΤΗΤΑΣ | |
| Τίτλος | Τοπική Αυτοδιοίκηση, Εκπαίδευση και Δια Βίου Μάθηση: Η Παιδεία και ο Πολιτισμός ως Πυλώνες Περιφερειακής Ανάπτυξης / 2ο Πανελλήνιο Επιστημονικό Συνέδριο με Διεθνή Συμμετοχή: Περιλήψεις Πρακτικών Συνεδρίου με Διεθνή Συμμετοχή |
| 260 ## - PUBLICATION, DISTRIBUTION, ETC. | |
| Name of publisher, distributor, etc. | Ι.Α.Κ.Ε, |
| Date of publication, distribution, etc. | 2016 |
| 300 ## - PHYSICAL DESCRIPTION | |
| Extent | 296 |
| 520 ## - SUMMARY, ETC. | |
| Summary, etc. | Προσκεκλημένοι Ομιλητές, Συμπόσια, Σεμινάρια Ειδίκευσης, Περιλήψεις Ανακοινώσεων Παράλληλων Συνεδρίων, Αποκέντρωση της Εκπαίδευσης και Περιφερειακή Ανάπτυξη, Εκπαίδευση και Τοπική Αυτοδιοίκηση στην Ευρωπαϊκή Ένωση, Εκπαίδευση και Οικονομία και Επιχειρηματικότητα, Εκπαιδευτικές Δομές της Τοπικής Αυτοδιοίκησης (Δια Βίου Μάθηση), Εκπαιδευτικές Πολιτικές με Αναφορά στην Αυτοδιοίκηση, Εκπαιδευτική Πολιτική και Αυτοδιοικητικές Παρεμβάσεις, Ευάλωτες Κοινωνικές Ομάδες και Προσβασιμότητα, Ευρωπαϊκές Πολιτικές και Αυτοδιοίκηση, Θέματα Οργάνωσης και Διοίκησης Σχολικών Επιτροπών, Θρησκευτικός Πολιτισμός και Εκπαίδευση και Αυτοδιοίκηση, Καινοτόμες Δράσεις για την Πολιτιστική και Τουριστική και Κοινωνική Ανάπτυξη, Καινοτομία και Νέες Τεχνολογίες, Κοινωνία Πολιτών και Αυτοδιοίκηση, Κοινωνικό Κράτος και Κοινωνική Πολιτική και Αυτοδιοίκηση, Λειτουργίες της Εκπαίδευσης και Δομές της Αυτοδιοίκησης, Πολιτιστική Πολιτική και Διοίκηση, Σύγχρονες Προσεγγίσεις της Δια Βίου Μάθησης, Αναρτημένες Ανακοινώσεις. |
| 700 1# - ΠΡΟΣΘΕΤΗ ΑΝΑΓΡΑΦΗ--ΦΥΣΙΚΟ ΠΡΟΣΩΠΟ | |
| Personal name | Καδιανάκη Μαρία Ι |
| 9 (RLIN) | 4022 |
| 700 1# - ΠΡΟΣΘΕΤΗ ΑΝΑΓΡΑΦΗ--ΦΥΣΙΚΟ ΠΡΟΣΩΠΟ | |
| Personal name | Μαράκη Ελένη Π |
| 9 (RLIN) | 4023 |
| 700 1# - ΠΡΟΣΘΕΤΗ ΑΝΑΓΡΑΦΗ--ΦΥΣΙΚΟ ΠΡΟΣΩΠΟ | |
| Personal name | Μπελαδάκης Εμμανουήλ Δ |
| 9 (RLIN) | 4024 |
| 700 1# - ΠΡΟΣΘΕΤΗ ΑΝΑΓΡΑΦΗ--ΦΥΣΙΚΟ ΠΡΟΣΩΠΟ | |
| Personal name | Ντρουμπογιάννης Χρήστος Σ |
| 9 (RLIN) | 4026 |
| 700 1# - ΠΡΟΣΘΕΤΗ ΑΝΑΓΡΑΦΗ--ΦΥΣΙΚΟ ΠΡΟΣΩΠΟ | |
| Personal name | Πανταζής Σπύρος Χ |
| 9 (RLIN) | 4025 |
| 700 1# - ΠΡΟΣΘΕΤΗ ΑΝΑΓΡΑΦΗ--ΦΥΣΙΚΟ ΠΡΟΣΩΠΟ | |
| Personal name | Σηφακάκης Πολυχρόνης Ε |
| 9 (RLIN) | 4027 |
| 700 1# - ΠΡΟΣΘΕΤΗ ΑΝΑΓΡΑΦΗ--ΦΥΣΙΚΟ ΠΡΟΣΩΠΟ | |
| Personal name | Στριλιγκάς Γεώργιος Ε |
| 9 (RLIN) | 4028 |
| 700 1# - ΠΡΟΣΘΕΤΗ ΑΝΑΓΡΑΦΗ--ΦΥΣΙΚΟ ΠΡΟΣΩΠΟ | |
| Personal name | Τζωρτζάκης Ιωάννης Α |
| 9 (RLIN) | 4029 |
| 942 ## - ADDED ENTRY ELEMENTS (KOHA) | |
| Koha item type | Books |
| Τύπος τεκμηρίου | Βιβλιοθήκη | Τρέχουσα τοποθεσία | Barcode | Αριθμός εισαγωγής | Ημερομηνία απόκτησης | Ταξιθετικό σύμβολο | Αριθμός αντιτύπου | Κατάσταση απόσυρσης | Κατάσταση χαμένου | Κατάσταση κατεστραμμένου | Μη δανεισμός | Σύνολο δανεισμών | Ημερομηνία τελευταίας εμφάνισης | Η τιμή ισχύει από |
|---|---|---|---|---|---|---|---|---|---|---|---|---|---|---|
| Books | MC Athens Campus Library | MC Athens Campus Library | 9780000031785 | 7157 | 05/06/2025 | REF 370.1 PAN | 1 | 05/06/2025 | 05/06/2025 |